000 00453nam a22001937a 4500
003 MPLRDC
005 20220104125007.0
008 210129b ||||| |||| 00| 0 eng d
020 _a962-357-923-3
082 _a857.623 YG-3 v.29
100 _a余过
245 _a神秘体香
_c
250 _a初版
260 _a
_b明窗出版社
_c1997
300 _b
490 _a述异系列
650 _a灵异小说
942 _cBK
_o857.623 YG-3 v.29
999 _c23792
_d23782